| 000 | 00000nam##2200000za#4500 |
| 001 | 9.602692 |
| 003 | CaOODSP |
| 005 | 20210624210710 |
| 007 | cr ||||||||||| |
| 008 | 150406|1998||||xxc|||||o f|0| 0 fre|d |
| 040 | |aCaOODSP|bfre |
| 043 | |an-cn--- |
| 086 | 1 |aF21-6/1998-1F-PDF |
| 110 | 1 |aCanada.|bMinistère des finances.|bGroupe de travail sur l'avenir du secteur des services financiers canadien. |
| 245 | 10|aL'évolution du secteur des services financiers au Canada : |h[ressource électronique]|bde nouvelles forces, de nouveaux compétiteurs, de nouveaux choix / |cpar McKinsey & Company. |
| 260 | |aOttawa - Ontario : |bFinances Canada. |cSeptembre 1998. |
| 300 | |a335p.|bfigures (certaines en couleur), glossaire, graphiques, références, tableaux |
| 490 | 1 |aDocument de recherche préparé pour le Groupe de travail sur l'avenir du secteur des services financiers canadien |
| 500 | |aLe n° de catalogue (BT22-61/3-1998F-1) copié dans cette édition PDF est incorrect. L'ISBN (0-662-83151-9) de l'édition imprimée a été incorrectement copié dans l'édition électronique. |
| 590 | |a11-29-Supp|b2011-11-25 |
| 691 | 07|aInstitution financière|2gcpds |
| 710 | 2 |aMcKinsey & Company. |
| 775 | 08|tThe changing landscape for Canadian financial services : |w(CaOODSP)9.572316 |
| 776 | 0#|tL'évolution du secteur des services financiers au Canada : |w(CaOODSP)9.624846 |
| 830 | #0|aDocument de recherche préparé pour le Groupe de travail sur l'avenir du secteur des services financiers canadien.|w(CaOODSP)9.503148 |
| 856 | 40|ahttp://publications.gc.ca|qPDF|s1.79 Mo|uhttps://publications.gc.ca/collections/Collection/F21-6-1998-1F.pdf |